logo

Bir Sreshtho Munshi Abdur Rouf Library
Jhenaidah Cadet College

Plant Science : (Record no. 4388)

MARC details
000 -LEADER
fixed length control field 00706nam a2200253 a 4500
001 - CONTROL NUMBER
JCCL Control Number 4388
003 - CONTROL NUMBER IDENTIFIER
JCCL marc code BD-JhCC
005 - DATE AND TIME OF LATEST TRANSACTION
control field 20171126202427.0
008 - FIXED-LENGTH DATA ELEMENTS--GENERAL INFORMATION
fixed length control field 171126s1969 usaa|||| |||| 001 0 eng d
020 ## - INTERNATIONAL STANDARD BOOK NUMBER
International Standard Book Number 0716708159
035 ## - SYSTEM CONTROL NUMBER
system control number (BD-JhCC)4388
040 ## - CATALOGING SOURCE
Original cataloging agency BD-JhCC
Modifying agency BD-JhCC
041 ## - LANGUAGE CODE
Language code of Book eng
082 ## - DEWEY DECIMAL CLASSIFICATION NUMBER
Classification number 581
Author mark and Year PLA 1969
245 ## - TITLE STATEMENT
Title Plant Science :
Remainder of title An Introduction to World Crops /
Statement of responsibility, etc Jules Janick ...[et al.]
260 ## - PUBLICATION, DISTRIBUTION, ETC. (IMPRINT)
Place of publication, distribution, etc San Francisco :
Name of publisher, distributor, etc W. H. Freeman and Company,
Date of publication, distribution, etc 1969
300 ## - PHYSICAL DESCRIPTION
Pagination 629 p. :
Other physical details illus.,
Dimensions 26 cm.
490 ## - SERIES STATEMENT
Series statement A Series of Books in Agriculture Science
500 ## - GENERAL NOTE
General note Includes Index.
650 ## - SUBJECT ADDED ENTRY--TOPICAL TERM
Topical term or geographic name as entry element Agriculture
700 ## - ADDED ENTRY--PERSONAL NAME
Personal name Janick, Jules
942 ## - ADDED ENTRY ELEMENTS (KOHA)
Source of classification or shelving scheme Dewey Decimal Classification
Koha item type Books
Holdings
Source of classification or shelving scheme Damaged status Not for loan Home library Current library Shelving location Date of accession Total Checkouts Full call number Barcode Date last seen Copy number Koha item type
Dewey Decimal Classification     JCC Rouf Library JCC Rouf Library General Stacks 11/26/2017   581 PLA 1969 6106 11/26/2017 C- 1 Books

JCC Library | Contacts | JCC Home

Last Update on 23 September 2017
Copyright @ 2017-2020 JCC Rouf Library
Rouf Library, Jhenidah Cadet College (JCC), Bangladesh